[Event "Burladingen-ch U18"]
[Site "Burladingen"]
[Date "2000.01.30"]
[Round "5"]
[White "Pfister, Thorsten"]
[Black "Fuss, Klaus"]
[Result "0-1"]
[WhiteElo "1232"]
[BlackElo "1672"]
[PlyCount "52"]
[EventDate "2000.01.??"]
[EventType "tourn"]
[EventRounds "5"]
[EventCountry "GER"]
[SourceTitle "EXT 2002"]
[Source "ChessBase"]
[SourceDate "2001.11.25"]
[SourceVersion "1"]
[SourceVersionDate "2001.11.25"]
[SourceQuality "1"]

1. e4 c5 2. Nf3 d6 3. d4 cxd4 4. Nxd4 Nf6 5. Nc3 g6 6. f3 Bg7 7. Be3 Nc6 8. Qd2 Bd7 9. 0-0-0 a6 10. g4 h5 11. g5 Nh7 12. h4 b5 13. a3 b4 14. axb4 Nxb4 15. f4 Qa5 16. Kb1 Rc8 17. Bh3 e6 18. Rhf1 0-0 19. f5 Bxd4 20. Bxd4 e5 21. Be3 Rc4 22. Qxd6 Rxc3 23. Rf2 Qa2+ 24. Kc1 Qa1+ 25. Kd2 Qxb2 26. Re2 Rxc2+ 0-1

[Event "Burladingen-ch U18"]
[Site "Burladingen"]
[Date "2000.01.28"]
[Round "1"]
[White "Kull, Simon"]
[Black "Pfister, Thorsten"]
[Result "1-0"]
[WhiteElo "1660"]
[BlackElo "1232"]
[PlyCount "53"]
[EventDate "2000.01.??"]
[EventType "tourn"]
[EventRounds "5"]
[EventCountry "GER"]
[SourceTitle "EXT 2002"]
[Source "ChessBase"]
[SourceDate "2001.11.25"]
[SourceVersion "1"]
[SourceVersionDate "2001.11.25"]
[SourceQuality "1"]

1. d4 Nf6 2. Bg5 e6 3. Bxf6 Qxf6 4. e4 g6 5. c3 Bg7 6. Bd3 0-0 7. Nf3 Nc6 8. Nbd2 d5 9. e5 Qd8 10. h4 f6 11. exf6 Qxf6 12. h5 e5 13. Qb3 exd4 14. cxd4 Qe6+ 15. Kd1 Nxd4 16. Nxd4 Bxd4 17. f3 Qf7 18. hxg6 hxg6 19. Bxg6 Qxg6 20. Qxd5+ Be6 21. Qxd4 Rad8 22. Rh8+ Kf7 23. Qf4+ Ke7 24. Qxc7+ Kf6 25. Rxf8+ Rxf8 26. Ne4+ Kf5 27. g4+ 1-0